| 000 | 00691nam a2200217 a 4500 | ||
|---|---|---|---|
| 999 |
_c6916 _d6916 |
||
| 001 | 6916 | ||
| 003 | BD-JhCC | ||
| 005 | 20180201092053.0 | ||
| 008 | 180201s1993 bg |||| ||a| 000 0 ben d | ||
| 035 | _a(BD-JhCC)6916 | ||
| 040 |
_aBD-JhCC _dBD-JhCC |
||
| 041 | _aben | ||
| 082 |
_a891.4409 _bUMA 1993 |
||
| 100 | _aউমর, বদরুদ্দীন | ||
| 245 |
_aনির্বাচিত রাজনৈতিক প্রবন্ধ ১ / _cবদরুদ্দীন উমর, |
||
| 260 |
_aঢাকা : _bমাওলা ব্রাদার্স, _c1993 |
||
| 300 |
_a258 p. : _c22 cm. |
||
| 650 | _aBengali Political Literature | ||
| 942 |
_2ddc _cBK |
||